[Event "XXI Festival"]
[Site "Arco ITA"]
[Date "1999.10.23"]
[Round "1"]
[White "Tatai, Stefano"]
[Black "Lovati, Paolo"]
[Result "1-0"]
[WhiteElo "2357"]
[BlackElo "2080"]
[PlyCount "105"]
[EventDate "1999.10.23"]

1.d4 e6 2.Nf3 f5 3.g3 Nf6 4.Bg2 d6 5.O-O Be7 6.c4 O-O 7.Nc3 Ne4 8.Qc2 Nxc3
9.Qxc3 Bf6 10.Re1 Nc6 11.Qd2 e5 12.d5 Ne7 13.b3 Ng6 14.Bb2 Qe8 15.Rac1 f4 
16.e3 fxg3 17.fxg3 b6 18.Rf1 Bg4 19.e4 Qe7 20.Rc3 Qd7 21.Bc1 h6 22.Qc2 Nh8
23.b4 a5 24.a3 axb4 25.axb4 Qa4 26.Rb3 Nf7 27.h4 c5 28.Nh2 Bh5 29.Bh3 Bg6 
30.Bg2 Qa2 31.Bb2 Qa4 32.Ng4 Be7 33.Qc3 Qd7 34.Nf2 Nd8 35.bxc5 bxc5 36.Rb5
Ra7 37.Rb1 Rb7 38.Bc1 Rxb5 39.Rxb5 Qc7 40.Qa3 Be8 41.Ra5 Bd7 42.Ra7 Nb7 
43.Qa6 Rb8 44.Bh3 Bxh3 45.Nxh3 Qa5 46.Qxa5 Nxa5 47.Bxh6 gxh6 48.Rxa5 Rb4 
49.Ra7 Kf8 50.Nf2 Rxc4 51.Ng4 h5 52.Ne3 Rxe4 53.Nf5 1-0

[Event "XXI Festival"]
[Site "Arco ITA"]
[Date "1999.10.23"]
[Round "1"]
[White "Trabert, Bettina"]
[Black "Rossi, Giampiero"]
[Result "1-0"]
[WhiteElo "2301"]
[BlackElo "2020"]
[PlyCount "45"]
[EventDate "1999.10.23"]

1.e4 c5 2.c3 d5 3.exd5 Qxd5 4.d4 e6 5.Nf3 Nc6 6.Be2 cxd4 7.cxd4 Nf6 8.O-O 
Be7 9.Nc3 Qd6 10.Nb5 Qb8 11.g3 Nd5 12.Bc4 a6 13.Bxd5 axb5 14.Bb3 O-O 15.
Qd3 Bf6 16.Bg5 Rd8 17.Bc2 Bxg5 18.Qxh7+ Kf8 19.Nxg5 Bd7 20.Qh8+ Ke7 21.
Qxg7 Be8 22.Bg6 Nxd4 23.Bxf7 1-0

[Event "XXI Festival"]
[Site "Arco ITA"]
[Date "1999.10.23"]
[Round "1"]
[White "Valenti, Giuseppe"]
[Black "Epishin, Vladimir V."]
[Result "1/2-1/2"]
[WhiteElo "2227"]
[BlackElo "2657"]
[PlyCount "64"]
[EventDate "1999.10.23"]

1.e4 c5 2.Nf3 e6 3.d4 cxd4 4.Nxd4 Nc6 5.c4 Bc5 6.Nb3 Bb4+ 7.Bd2 a5 8.a3 
Be7 9.Be3 Nf6 10.Nc3 O-O 11.Be2 b6 12.O-O d6 13.Rc1 Bb7 14.f3 Nd7 15.Nd4 
Nxd4 16.Bxd4 Bg5 17.Rb1 Qe7 18.b3 Bf4 19.Qe1 Qg5 20.Rd1 f5 21.Bd3 Rae8 22.
exf5 exf5 23.Qf2 Ne5 24.Be2 Rf6 25.Nd5 Bxd5 26.cxd5 Bxh2+ 27.Kxh2 Rh6+ 28.
Kg1 Qh5 29.Qg3 f4 30.Qxf4 Ng6 31.Qg4 Rxe2 32.Qxh5 Rxh5 1/2-1/2

[Event "XXI Festival"]
[Site "Arco ITA"]
[Date "1999.10.23"]
[Round "1"]
[White "Wagman, Stuart"]
[Black "Fercec, Nenad"]
[Result "0-1"]
[WhiteElo "2169"]
[BlackElo "2476"]
[PlyCount "60"]
[EventDate "1999.10.23"]

1.e4 c5 2.Nf3 d6 3.d4 cxd4 4.Nxd4 Nf6 5.Nc3 a6 6.Bc4 e6 7.Bb3 b5 8.O-O b4 
9.Na4 Bd7 10.c3 Nc6 11.Re1 Rb8 12.cxb4 Rxb4 13.Nxc6 Bxc6 14.f3 Be7 15.Nc3 
O-O 16.Be3 Qb8 17.Re2 Rd8 18.Rd2 Nd7 19.Qe2 Nc5 20.Bc4 Bb5 21.Bxb5 axb5 
22.b3 Rc8 23.Rc2 Bf6 24.Rac1 Rd8 25.Qd2 Na6 26.Qf2 h6 27.Ne2 d5 28.Bc5 
dxe4 29.Bxb4 Nxb4 30.Rc7 Nxa2 0-1

[Event "XXI Festival"]
[Site "Arco ITA"]
[Date "1999.10.23"]
[Round "1"]
[White "Zucchelli, Massimo"]
[Black "Timoscenko, Gennadij A."]
[Result "0-1"]
[WhiteElo "2199"]
[BlackElo "2536"]
[PlyCount "78"]
[EventDate "1999.10.23"]

1.d4 Nf6 2.Bg5 d6 3.Bxf6 gxf6 4.e3 f5 5.Nd2 Nd7 6.Bd3 Nf6 7.Qf3 e6 8.Ne2 
d5 9.h3 h5 10.O-O-O Bd7 11.Kb1 c5 12.dxc5 Bxc5 13.Nb3 Be7 14.c4 dxc4 15.
Bxc4 Qc7 16.Rc1 Qc6 17.Ned4 Qxf3 18.gxf3 a6 19.Bd3 Rg8 20.Rhg1 Rxg1 21.
Rxg1 Kf8 22.Kc2 Nd5 23.Kd2 Rd8 24.f4 Nb4 25.Bb1 Bf6 26.Ke2 Ke7 27.Rc1 Nc6 
28.Rd1 Be8 29.Rd2 h4 30.f3 Rc8 31.Kd1 Bd7 32.Rg2 Rd8 33.Kd2 a5 34.Kc3 Rc8 
35.Kd2 a4 36.Nxc6+ Bxc6 37.Nd4 Rd8 38.Kc3 Bxf3 39.Rf2 Bd5 0-1

[Event "XXI Festival"]
[Site "Arco ITA"]
[Date "1999.10.24"]
[Round "2"]
[White "Arlandi, Ennio"]
[Black "Haag, Martin"]
[Result "1-0"]
[WhiteElo "2465"]
[BlackElo "2292"]
[PlyCount "67"]
[EventDate "1999.10.23"]

1.d4 d5 2.c4 e6 3.Nc3 c5 4.cxd5 exd5 5.Nf3 Nc6 6.g3 Nf6 7.Bg2 Be7 8.O-O 
O-O 9.Bg5 c4 10.Ne5 Be6 11.b3 Qa5 12.Na4 Rfd8 13.Bxf6 gxf6 14.Nxc6 bxc6 
15.e3 c5 16.Nxc5 Bxc5 17.dxc5 Qxc5 18.Qh5 Rac8 19.Qh6 c3 20.Qxf6 d4 21.
exd4 Rxd4 22.Rac1 Bf5 23.h4 Bg6 24.Rfe1 Rd6 25.Qf4 Rd2 26.h5 Qxh5 27.Rxc3 
Rxc3 28.Qxd2 Qc5 29.Qh6 Qf8 30.Qf4 Qc5 31.Re5 Rc1+ 32.Kh2 Qc7 33.Qf6 Qd7 
34.Rd5 1-0

[Event "XXI Festival"]
[Site "Arco ITA"]
[Date "1999.10.24"]
[Round "2"]
[White "Blasco, Domenico"]
[Black "Prang, Edgar"]
[Result "1-0"]
[WhiteElo "2111"]
[BlackElo "2249"]
[PlyCount "79"]
[EventDate "1999.10.23"]

1.d4 d5 2.e3 Nf6 3.Bd3 g6 4.Nf3 Bg7 5.O-O O-O 6.Nbd2 c5 7.b3 cxd4 8.exd4 
Nc6 9.a3 Bg4 10.Bb2 Rc8 11.Re1 Rc7 12.Rc1 Bh6 13.Ra1 Qc8 14.Nf1 Bf5 15.Ng3
Bxd3 16.Qxd3 Nd8 17.Bc1 Rc3 18.Qd1 Bxc1 19.Rxc1 Ne6 20.Qd2 Kg7 21.Ne5 Rc7 
22.c4 dxc4 23.bxc4 Rd8 24.d5 Nc5 25.Qe3 Rd6 26.f4 Rb6 27.Rb1 Rxb1 28.Rxb1 
h5 29.h4 Ng4 30.Nxg4 hxg4 31.f5 Kh7 32.fxg6+ fxg6 33.Rf1 e6 34.h5 Qe8 35.
Qe5 Rf7 36.hxg6+ Kxg6 37.Rxf7 Qxf7 38.d6 Nd7 39.Qe4+ Kh6 40.Qxb7 1-0

[Event "XXI Festival"]
[Site "Arco ITA"]
[Date "1999.10.24"]
[Round "2"]
[White "Bonomi, Maurizio"]
[Black "Schiappacasse, Marcello"]
[Result "1/2-1/2"]
[WhiteElo "2238"]
[BlackElo "2011"]
[PlyCount "48"]
[EventDate "1999.10.23"]

1.Nf3 Nf6 2.c4 c5 3.g3 g6 4.Bg2 Bg7 5.O-O O-O 6.Nc3 Nc6 7.d4 cxd4 8.Nxd4 
Nxd4 9.Qxd4 d6 10.Qd3 Rb8 11.Bd2 Be6 12.Rac1 Nd7 13.b3 Ne5 14.Qb1 Qd7 15.
Nd5 Rfc8 16.Nf4 b5 17.Nxe6 Qxe6 18.cxb5 Rxb5 19.Be3 Nc4 20.Qd3 Nxe3 21.
Qxe3 Rbc5 22.Rxc5 Rxc5 23.Qd3 Qc8 24.Rb1 Rc3 1/2-1/2

[Event "XXI Festival"]
[Site "Arco ITA"]
[Date "1999.10.24"]
[Round "2"]
[White "Cavatorta, Fosco"]
[Black "Zucchelli, Massimo"]
[Result "0-1"]
[WhiteElo "2066"]
[BlackElo "2199"]
[PlyCount "80"]
[EventDate "1999.10.23"]

1.d4 Nf6 2.Nf3 e6 3.e3 c5 4.Bd3 d5 5.b3 Nbd7 6.O-O Be7 7.Nbd2 O-O 8.Bb2 b6
9.Qe2 Bb7 10.Ne5 Ne4 11.Rad1 Nxd2 12.Rxd2 Nxe5 13.dxe5 Qc7 14.f4 f5 15.c4 
Rad8 16.Rfd1 g6 17.g4 d4 18.h3 Qc6 19.Kh2 dxe3 20.Qxe3 fxg4 21.hxg4 Qf3 
22.Qxf3 Bxf3 23.Re1 Bxg4 24.Kg3 Bf5 25.Re3 Kf7 26.Bc3 Bxd3 27.Rexd3 Rxd3+ 
28.Rxd3 Rd8 29.Rxd8 Bxd8 30.Kg4 h5+ 31.Kh3 g5 32.fxg5 Bxg5 33.b4 cxb4 34.
Bxb4 Kg6 35.Bd6 Be3 36.Bb8 a6 37.Bc7 b5 38.cxb5 axb5 39.Bd6 Bg5 40.Bc7 Kf5
0-1

[Event "XXI Festival"]
[Site "Arco ITA"]
[Date "1999.10.24"]
[Round "2"]
[White "Dalponte, Dino"]
[Black "Astengo, Marcello"]
[Result "1-0"]
[WhiteElo "2163"]
[BlackElo "2017"]
[PlyCount "57"]
[EventDate "1999.10.23"]

1.d4 d5 2.c3 Nf6 3.Bg5 Ne4 4.Bf4 g5 5.Bc1 e6 6.Nd2 f5 7.Nxe4 fxe4 8.f3 Bd6
9.fxe4 dxe4 10.Nh3 Be7 11.Nf2 b6 12.Nxe4 Bb7 13.Qd3 O-O 14.Nxg5 Rf5 15.Nf3
Nd7 16.g3 Nf6 17.Bh3 Be4 18.Qe3 Rh5 19.Bxe6+ Kh8 20.Bc4 Bd6 21.Rf1 Qf8 22.
Ng5 Bg6 23.Qf3 Be7 24.Ne6 Qc8 25.Bg5 Rxg5 26.Nxg5 Ng4 27.Nf7+ Kg7 28.Qf4 
b5 29.Bb3 1-0

[Event "XXI Festival"]
[Site "Arco ITA"]
[Date "1999.10.24"]
[Round "2"]
[White "Dubois, Martine"]
[Black "Wagman, Stuart"]
[Result "1/2-1/2"]
[WhiteElo "2012"]
[BlackElo "2169"]
[PlyCount "30"]
[EventDate "1999.10.23"]

1.e4 e5 2.Nf3 Nc6 3.Nc3 Nf6 4.g3 Bc5 5.Bg2 d6 6.d3 O-O 7.Na4 Bb6 8.Nxb6 
axb6 9.O-O Ne7 10.Bg5 Ng6 11.d4 h6 12.dxe5 hxg5 13.exf6 Qxf6 14.Qd4 Ne5 
15.Nxe5 Qxe5 1/2-1/2

[Event "XXI Festival"]
[Site "Arco ITA"]
[Date "1999.10.24"]
[Round "2"]
[White "Epishin, Vladimir V."]
[Black "Burchert, Wolfgang"]
[Result "1-0"]
[WhiteElo "2657"]
[BlackElo "2187"]
[PlyCount "55"]
[EventDate "1999.10.23"]

1.d4 d6 2.g3 Nf6 3.Bg2 g6 4.e4 Bg7 5.Ne2 O-O 6.Nbc3 Nbd7 7.O-O c5 8.h3 Rb8
9.dxc5 Nxc5 10.Be3 b6 11.g4 Bb7 12.Ng3 a6 13.Qd2 Re8 14.Rae1 Qc7 15.Bh6 b5
16.Bxg7 Kxg7 17.f4 Ne6 18.g5 Nd7 19.Nd5 Qc5+ 20.Kh2 Qd4 21.Qc1 Bxd5 22.
exd5 Nec5 23.Ne2 Qa4 24.Qa1 Kg8 25.b3 Qa3 26.Nd4 Rbc8 27.Rf3 e5 28.Nc6 1-0

[Event "XXI Festival"]
[Site "Arco ITA"]
[Date "1999.10.24"]
[Round "2"]
[White "Falbo, Sandro"]
[Black "Rytshagov, Mikhail"]
[Result "0-1"]
[WhiteElo "2082"]
[BlackElo "2539"]
[PlyCount "90"]
[EventDate "1999.10.23"]

1.e4 c5 2.Nf3 e6 3.d3 Nc6 4.g3 d5 5.Nbd2 g6 6.Bg2 Bg7 7.O-O Nge7 8.c3 h6 
9.Re1 b6 10.exd5 Nxd5 11.Nc4 Bb7 12.Nfe5 Nde7 13.a4 O-O 14.Qe2 Qc7 15.h4 
Rad8 16.h5 g5 17.Bh3 Nf5 18.Bg2 Rfe8 19.Bd2 a6 20.Ng4 b5 21.axb5 axb5 22.
Nce5 Ra8 23.Rec1 Rxa1 24.Rxa1 Ra8 25.Rxa8+ Bxa8 26.Kh2 Bb7 27.Qe1 b4 28.
cxb4 Nxb4 29.Bxb4 cxb4 30.Bxb7 Qxb7 31.Qe4 Qxe4 32.dxe4 Nd6 33.f3 f5 34.
exf5 exf5 35.Nxh6+ Bxh6 36.Nc6 Bg7 37.Nxb4 Bxb2 38.Nd5 Kf7 39.Kg2 Bd4 40.
Nb4 Nc4 41.Nd3 Ne3+ 42.Kh2 Kg7 43.Nf2 Kh6 44.g4 Nxg4+ 45.Nxg4+ Kxh5 0-1

[Event "XXI Festival"]
[Site "Arco ITA"]
[Date "1999.10.24"]
[Round "2"]
[White "Fercec, Nenad"]
[Black "Trabert, Bettina"]
[Result "1/2-1/2"]
[WhiteElo "2476"]
[BlackElo "2301"]
[PlyCount "122"]
[EventDate "1999.10.23"]

1.e4 e5 2.Nf3 Nc6 3.d4 exd4 4.Nxd4 Nf6 5.Nxc6 bxc6 6.Bd3 d5 7.exd5 cxd5 8.
Bb5+ Bd7 9.Bxd7+ Qxd7 10.O-O Be7 11.Nd2 O-O 12.b3 Ng4 13.Bb2 Bf6 14.Bxf6 
Nxf6 15.c4 Rad8 16.cxd5 Nxd5 17.Qf3 Rfe8 18.Nc4 Qe6 19.Rad1 g6 20.g3 Qe2 
21.Qxe2 Rxe2 22.a3 Rd7 23.Rfe1 Rxe1+ 24.Rxe1 Nb6 25.Ne5 Re7 26.Kf1 Re6 27.
Nd3 Rxe1+ 28.Kxe1 Kg7 29.Kd2 Kf6 30.Kc3 Ke6 31.Kb4 Kd5 32.Kb5 Kd4 33.Nc5 
Kd5 34.Na6 c6+ 35.Ka5 Kd6 36.Kb4 Nd5+ 37.Kc4 Nb6+ 38.Kd4 f6 39.Nc5 f5 40.
Nb7+ Kc7 41.Na5 Kd6 42.b4 Nd7 43.Nc4+ Kc7 44.f3 Kb7 45.h4 Kc7 46.h5 gxh5 
47.f4 Nf8 48.Ke5 h4 49.gxh4 Ng6+ 50.Kxf5 Nxh4+ 51.Kg5 Nf3+ 52.Kh6 Nd4 53.
Kxh7 c5 54.bxc5 Kc6 55.Kg6 Kxc5 56.Nb2 Nc6 57.f5 Kd4 58.f6 Kc3 59.Nd1+ Kb3
60.Ne3 Nd8 61.Nd5 Kxa3 1/2-1/2

[Event "XXI Festival"]
[Site "Arco ITA"]
[Date "1999.10.24"]
[Round "2"]
[White "Frilli, Fabio"]
[Black "Heinlein, Reinhold"]
[Result "0-1"]
[WhiteElo "1915"]
[BlackElo "2145"]
[PlyCount "64"]
[EventDate "1999.10.23"]

1.f4 d5 2.Nf3 c5 3.e3 Nf6 4.b3 e6 5.Bb2 Be7 6.Bb5+ Bd7 7.Qe2 a6 8.Bxd7+ 
Nbxd7 9.d3 O-O 10.Ne5 Rc8 11.Nd2 d4 12.Nxd7 Qxd7 13.e4 b5 14.O-O Bd8 15.h3
Ba5 16.Nf3 Qb7 17.Ne5 Bb6 18.g4 c4 19.g5 Nd7 20.Nxd7 Qxd7 21.f5 cxd3 22.
cxd3 exf5 23.Rxf5 Rc5 24.Rxc5 Bxc5 25.Rc1 Qe7 26.Qg4 f5 27.gxf6 Qxf6 28.
Rxc5 Qf1+ 29.Kh2 Rf2+ 30.Kg3 Rg2+ 31.Kh4 Rxg4+ 32.hxg4 Qf2+ 0-1

[Event "XXI Festival"]
[Site "Arco ITA"]
[Date "1999.10.24"]
[Round "2"]
[White "Gorelli Fagiolini, Marco"]
[Black "Gorbatov, Alexej"]
[Result "1/2-1/2"]
[WhiteElo "2206"]
[BlackElo "2353"]
[PlyCount "113"]
[EventDate "1999.10.23"]

1.e4 e5 2.Bc4 d6 3.Nf3 Be7 4.d3 Nf6 5.O-O O-O 6.c3 Nbd7 7.Bb3 Nc5 8.Bc2 
Re8 9.Re1 Bf8 10.Nbd2 Bg4 11.Nf1 h6 12.h3 Bd7 13.Ng3 b5 14.d4 Na4 15.d5 c6
16.dxc6 Bxc6 17.Nh2 d5 18.Qf3 Nc5 19.exd5 Bxd5 20.Qd1 Qd7 21.Nf5 e4 22.Nd4
Bc4 23.Ng4 Nxg4 24.Qxg4 Qxg4 25.hxg4 Nd3 26.Bxd3 Bxd3 27.Be3 a5 28.Ne2 g5 
29.Bd4 Bd6 30.Ng3 Kh7 31.Nf5 Bc7 32.Ne3 Kg6 33.a4 h5 34.gxh5+ Kxh5 35.axb5
Bxb5 36.Nd5 Bd8 37.Nf6+ Bxf6 38.Bxf6 a4 39.Rad1 Bd3 40.f3 Re6 41.fxe4 Bxe4
42.Rd4 Bf5 43.Rxe6 Bxe6 44.Rd8 Ra5 45.Rb8 Rf5 46.Bd4 Rf4 47.Rb4 Bb3 48.Be3
Rg4 49.Rxg4 Kxg4 50.Kf2 f5 51.g3 Bc4 52.Bc1 f4 53.gxf4 gxf4 54.Bd2 Kf5 55.
Bc1 Ke4 56.Bd2 Bd5 57.c4 1/2-1/2

[Event "XXI Festival"]
[Site "Arco ITA"]
[Date "1999.10.24"]
[Round "2"]
[White "Heinig, Wolfram"]
[Black "Skembris, Spyridon"]
[Result "1/2-1/2"]
[WhiteElo "2296"]
[BlackElo "2477"]
[PlyCount "93"]
[EventDate "1999.10.23"]

1.d4 d5 2.c4 Nc6 3.Nf3 Bg4 4.cxd5 Bxf3 5.dxc6 Bxc6 6.Nc3 e6 7.e4 Bb4 8.f3 
Qh4+ 9.g3 Qf6 10.Be3 O-O-O 11.Qe2 Ba5 12.O-O-O Ne7 13.Bg2 Qg6 14.Rd2 f5 
15.Bf4 Rd7 16.Rhd1 Rhd8 17.g4 fxg4 18.fxg4 h6 19.Bg3 Kb8 20.a3 Bxc3 21.
bxc3 Qg5 22.Kb2 Bb5 23.Qf2 Bc4 24.d5 exd5 25.exd5 Ng6 26.h4 Qxg4 27.Rd4 
Qe2+ 28.Qxe2 Bxe2 29.Re1 Bh5 30.Bh3 Rd6 31.Bxd6 cxd6 32.Rg1 Ne5 33.Rxg7 
Rf8 34.Kb3 Be2 35.Re4 Bd1+ 36.Kb4 Nd3+ 37.Kc4 Nc5 38.Rd4 Be2+ 39.Kb4 b6 
40.a4 a5+ 41.Ka3 Rf3 42.Bd7 Rxc3+ 43.Kb2 Rb3+ 44.Kc2 Bd3+ 45.Kd2 Be4 46.
Bc6 Rh3 47.Rg8+ 1/2-1/2

[Event "XXI Festival"]
[Site "Arco ITA"]
[Date "1999.10.24"]
[Round "2"]
[White "Hocevar, Nikola"]
[Black "Ricci, Alfredo"]
[Result "1-0"]
[WhiteElo "2174"]
[BlackElo "2042"]
[PlyCount "77"]
[EventDate "1999.10.23"]

1.c4 c5 2.Nf3 g6 3.d4 cxd4 4.Nxd4 Bg7 5.Nc3 b6 6.e4 Bb7 7.Be3 d6 8.Be2 Nf6
9.f3 Nbd7 10.Qd2 O-O 11.O-O Rc8 12.Rac1 Re8 13.b3 a6 14.Rfd1 Qc7 15.Nd5 
Qb8 16.Bf1 Nxd5 17.exd5 Nc5 18.Re1 e5 19.dxe6 Nxe6 20.Nxe6 Rxe6 21.Bxb6 
Bxf3 22.Bd4 Bb7 23.Rxe6 fxe6 24.Bxg7 Kxg7 25.Qe3 e5 26.Rd1 Qc7 27.Be2 Rf8 
28.Bf3 Bxf3 29.gxf3 Rf4 30.Rd5 Qe7 31.c5 Qg5+ 32.Kh1 Qf5 33.cxd6 Qb1+ 34.
Kg2 Rf5 35.d7 e4 36.Rxf5 gxf5 37.d8=Q exf3+ 38.Qxf3 Qb2+ 39.Kh3 1-0

[Event "XXI Festival"]
[Site "Arco ITA"]
[Date "1999.10.24"]
[Round "2"]
[White "Kloster, Josef"]
[Black "Rahls, Peter"]
[Result "0-1"]
[WhiteElo "2145"]
[BlackElo "2278"]
[PlyCount "79"]
[EventDate "1999.10.23"]

1.e4 c5 2.Nc3 e6 3.g3 d5 4.Bg2 d4 5.Nce2 Nc6 6.d3 e5 7.f4 Bd6 8.Nf3 Nge7 
9.f5 f6 10.g4 Bd7 11.Ng3 Qb6 12.b3 O-O-O 13.Nd2 Rdg8 14.Nc4 Qc7 15.a4 Kb8 
16.Bd2 Nb4 17.O-O Nec6 18.Bxb4 cxb4 19.Rf3 Be7 20.h3 Be8 21.Qe1 Na5 22.Rf2
g6 23.h4 Nxc4 24.bxc4 a5 25.g5 Qd8 26.Qf1 Rf8 27.fxg6 hxg6 28.gxf6 Rxf6 
29.Rxf6 Bxf6 30.h5 Bg5 31.Qf3 Be3+ 32.Kf1 gxh5 33.Nf5 Bf4 34.Ke2 Qg5 35.
Qh3 h4 36.Bf3 Bd7 37.Bg4 Rg8 38.Rg1 Ka8 39.Qxh4 Qxh4 40.Nxh4 0-1

[Event "XXI Festival"]
[Site "Arco ITA"]
[Date "1999.10.24"]
[Round "2"]
[White "Lantini, Marco"]
[Black "Sturma, Mauro"]
[Result "1-0"]
[WhiteElo "2193"]
[BlackElo "2095"]
[PlyCount "63"]
[EventDate "1999.10.23"]

1.e4 d6 2.d4 Nf6 3.Nc3 g6 4.Be3 c6 5.Qd2 b5 6.f3 h5 7.O-O-O Bg7 8.Kb1 b4 
9.Nce2 a5 10.Nf4 Ba6 11.Nge2 e6 12.Nd3 Nbd7 13.Bg5 Qb6 14.Qf4 Qb8 15.Qh4 
Nh7 16.Be3 Nb6 17.e5 Nd5 18.exd6 Bxd3 19.d7+ Kxd7 20.Rxd3 Nxe3 21.Rxe3 Nf6
22.c4 bxc3 23.Nxc3 Nd5 24.Nxd5 cxd5 25.Rb3 Qa7 26.Bb5+ Kd6 27.Rc1 Rhc8 28.
Rbc3 Rxc3 29.Rxc3 Qxd4 30.Rc6+ Ke5 31.Qg5+ f5 32.f4+ 1-0

[Event "XXI Festival"]
[Site "Arco ITA"]
[Date "1999.10.24"]
[Round "2"]
[White "Lazarev, Vladimir"]
[Black "Valenti, Giuseppe"]
[Result "1-0"]
[WhiteElo "2501"]
[BlackElo "2227"]
[PlyCount "73"]
[EventDate "1999.10.23"]

1.d4 Nf6 2.c4 e6 3.Nc3 Bb4 4.Qc2 d6 5.Nf3 Nbd7 6.Bd2 e5 7.a3 Bxc3 8.Bxc3 
Qe7 9.e3 c5 10.d5 O-O 11.O-O-O Re8 12.h3 Nf8 13.g4 Rd8 14.Be2 Bd7 15.g5 
Ne8 16.h4 a6 17.h5 b5 18.Rdg1 Rdb8 19.Ba5 Ra7 20.Nd2 bxc4 21.Nxc4 Nc7 22.
Bf3 Bb5 23.Nd2 Rab7 24.Bc3 Bd7 25.Nc4 Nb5 26.Bd2 Nc7 27.Be4 Bb5 28.Na5 Rb6
29.Bc3 Be8 30.Nc4 R6b7 31.Bxe5 Nb5 32.Bf4 Rd8 33.h6 g6 34.a4 Na7 35.Bd3 
Rb4 36.Qc3 Nc8 37.Qg7# 1-0

[Event "XXI Festival"]
[Site "Arco ITA"]
[Date "1999.10.24"]
[Round "2"]
[White "Lettich, Sergio"]
[Black "Carli, Carlo"]
[Result "1/2-1/2"]
[WhiteElo "2182"]
[BlackElo "2074"]
[PlyCount "122"]
[EventDate "1999.10.23"]

1.d4 Nf6 2.c4 g6 3.Nc3 Bg7 4.e4 d6 5.Nf3 O-O 6.Be2 e5 7.O-O exd4 8.Nxd4 
Re8 9.f3 c6 10.Bg5 Qb6 11.Na4 Qa5 12.Bd2 Qd8 13.Nb3 d5 14.exd5 cxd5 15.
cxd5 Nxd5 16.Bb5 Bd7 17.Bxd7 Nxd7 18.Re1 Qh4 19.Nc3 N7b6 20.Ne4 h6 21.Rb1 
Nc4 22.Bc3 Nxc3 23.bxc3 Rac8 24.Nd4 Nb6 25.g3 Qe7 26.Qd2 Nd5 27.Kg2 f5 28.
Nf2 Qd7 29.Rxe8+ Rxe8 30.Re1 Rxe1 31.Qxe1 Nxc3 32.Qxc3 Bxd4 33.Qc4+ Kg7 
34.Nd3 b5 35.Qb3 a6 36.Nf4 Be5 37.Nd3 Qd6 38.Nxe5 Qxe5 39.Qa3 Qe2+ 40.Kg1 
Qe6 41.Kf2 Qb6+ 42.Kg2 g5 43.Qe7+ Kg6 44.Qe8+ Kf6 45.Qf8+ Ke5 46.Qe7+ Qe6 
47.Qc5+ Qd5 48.Qe7+ Kd4 49.Qf6+ Kd3 50.Qxa6 Ke2 51.Qa3 g4 52.Qb2+ Qd2 53.
Qxb5+ Ke3+ 54.Kg1 Qf2+ 55.Kh1 gxf3 56.Qb3+ Ke4 57.Qe6+ Kd3 58.Qb3+ Kd2 59.
Qb2+ Ke1 60.Qc1+ Ke2 61.Qc2+ Ke1 1/2-1/2

[Event "XXI Festival"]
[Site "Arco ITA"]
[Date "1999.10.24"]
[Round "2"]
[White "Lieb, Harald"]
[Black "Barbafiera, Luigi"]
[Result "0-1"]
[WhiteElo "2254"]
[BlackElo "1915"]
[PlyCount "114"]
[EventDate "1999.10.23"]

1.d4 Nf6 2.c4 c5 3.d5 b5 4.cxb5 a6 5.b6 Qxb6 6.Nc3 g6 7.e4 d6 8.Nf3 Bg7 9.
Be2 O-O 10.O-O a5 11.Re1 Ba6 12.e5 Ng4 13.e6 fxe6 14.h3 Nf6 15.dxe6 Bxe2 
16.Qxe2 Nc6 17.Bg5 Rab8 18.Rab1 h6 19.Bxf6 Bxf6 20.Nd5 Qb5 21.Qe4 Kg7 22.
Nh4 Ne5 23.Nxf6 Rxf6 24.f4 Nd3 25.Rf1 c4 26.f5 Qc5+ 27.Kh2 Qe5+ 28.Qxe5 
Nxe5 29.g4 g5 30.Nf3 Nd3 31.b3 c3 32.Rbd1 Nb4 33.Rc1 Rc8 34.a3 Nd3 35.Rc2 
Rff8 36.Rd1 Nf4 37.Rd4 d5 38.Ne5 Rc7 39.Nd3 Kf6 40.b4 axb4 41.axb4 Rd8 42.
Ne1 Rdc8 43.Nf3 Rc4 44.b5 Rxd4 45.Nxd4 Rc4 46.Nf3 d4 47.b6 Rb4 48.Nxd4 
Rxd4 49.Rxc3 Rb4 50.Rc8 Rxb6 51.Rf8+ Ke5 52.Rh8 h5 53.Rh7 hxg4 54.hxg4 Nd5
55.Rh8 Kf4 56.Rd8 Rb2+ 57.Kh3 Ke4 0-1

[Event "XXI Festival"]
[Site "Arco ITA"]
[Date "1999.10.24"]
[Round "2"]
[White "Lovati, Paolo"]
[Black "Klimm, Wolf-Dietrich"]
[Result "0-1"]
[WhiteElo "2080"]
[BlackElo "2212"]
[PlyCount "69"]
[EventDate "1999.10.23"]

1.Nf3 Nf6 2.c4 e6 3.b3 b6 4.g3 Bb7 5.Bg2 c5 6.O-O d6 7.Bb2 a6 8.d3 Be7 9.
Nbd2 O-O 10.e4 Nc6 11.Qe2 Nd7 12.Rfe1 Rb8 13.Nf1 b5 14.Ne3 Nde5 15.cxb5 
Nxf3+ 16.Qxf3 axb5 17.Ng4 Nd4 18.Qd1 f5 19.exf5 Bxg2 20.Kxg2 exf5 21.Ne3 
f4 22.Bxd4 f3+ 23.Kh1 cxd4 24.Nc2 Qd7 25.Nxd4 Bf6 26.Qxf3 d5 27.Qf4 g5 28.
Qd2 Bxd4 29.Qxg5+ Kh8 30.Re7 Qf5 31.Qxf5 Rxf5 32.Rc1 Rxf2 33.Rcc7 Rbf8 34.
Rxh7+ Kg8 35.Rhd7 0-1

[Event "XXI Festival"]
[Site "Arco ITA"]
[Date "1999.10.24"]
[Round "2"]
[White "Luciani, Carlo"]
[Black "Sulava, Nenad"]
[Result "1-0"]
[WhiteElo "2228"]
[BlackElo "2467"]
[PlyCount "131"]
[EventDate "1999.10.23"]

1.e4 c5 2.Nf3 a6 3.g3 e6 4.Bg2 b5 5.O-O Bb7 6.Qe2 Nc6 7.c3 c4 8.b3 cxb3 9.
axb3 Na5 10.Nd4 e5 11.b4 exd4 12.bxa5 dxc3 13.dxc3 Bc5 14.Qg4 g6 15.Nd2 
Nf6 16.Qg5 Be7 17.Qh6 Qc7 18.Bb2 Ng4 19.Qf4 Qxf4 20.gxf4 O-O 21.h3 Nh6 22.
Rfd1 Rac8 23.Nb3 Rc7 24.Rd3 Rfc8 25.Rad1 d6 26.Nd4 Rc4 27.f3 f5 28.Kf2 Re8
29.Re3 Kf7 30.Ba3 Bh4+ 31.Kg1 g5 32.e5 d5 33.e6+ Kg6 34.e7 Bc8 35.Ne2 gxf4
36.Re5 Nf7 37.Rexd5 Bxe7 38.Bxe7 Rxe7 39.Kf2 Kg5 40.Bf1 Rcc7 41.R5d4 Red7 
42.Nxf4 Rxd4 43.Rxd4 Rxc3 44.Nd5 Ra3 45.h4+ Kh6 46.Ne7 Be6 47.Nc6 Kg7 48.
Rd2 Kf6 49.f4 Ra4 50.Kg3 Bc8 51.h5 Bb7 52.Nd8 Ra3+ 53.Kh2 Nxd8 54.Rxd8 
Rxa5 55.Rd6+ Ke7 56.Rh6 Bd5 57.Rxh7+ Bf7 58.Rh8 Ra4 59.Kg3 Ra3+ 60.Kh4 Rf3
61.Bh3 Rxf4+ 62.Kg5 Rd4 63.h6 Rd1 64.h7 Rg1+ 65.Kf4 Kf6 66.Rf8 1-0

[Event "XXI Festival"]
[Site "Arco ITA"]
[Date "1999.10.24"]
[Round "2"]
[White "Medancic, Rikard"]
[Black "Ortega, Lexy"]
[Result "0-1"]
[WhiteElo "2329"]
[BlackElo "2499"]
[PlyCount "54"]
[EventDate "1999.10.23"]

1.c4 c6 2.Nf3 d5 3.g3 Nf6 4.Bg2 g6 5.O-O Bg7 6.d4 O-O 7.Nc3 dxc4 8.e3 c5 
9.Qe2 cxd4 10.Nxd4 Qc7 11.Ncb5 Qc5 12.b4 Qb6 13.Qxc4 Na6 14.Bd2 e5 15.Nb3 
Be6 16.Qe2 Rfd8 17.Na5 Bg4 18.f3 Bf5 19.a4 Bd3 20.Qf2 Bxf1 21.Rxf1 Rac8 
22.Be1 Bf8 23.Qb2 Nd5 24.Qxe5 Qxe3+ 25.Qxe3 Nxe3 26.Rf2 Rd1 27.Re2 Bxb4 
0-1

[Event "XXI Festival"]
[Site "Arco ITA"]
[Date "1999.10.24"]
[Round "2"]
[White "Naumkin, Igor"]
[Black "Ager, Josef"]
[Result "1-0"]
[WhiteElo "2489"]
[BlackElo "2330"]
[PlyCount "75"]
[EventDate "1999.10.23"]

1.d4 Nf6 2.Nf3 g6 3.c4 Bg7 4.Nc3 O-O 5.e4 d6 6.Be2 Na6 7.O-O c6 8.Re1 e5 
9.h3 Qe7 10.Bf1 Nc7 11.Be3 Nd7 12.Qd2 Re8 13.Rad1 Qf8 14.b4 f5 15.dxe5 
dxe5 16.exf5 gxf5 17.c5 Kh8 18.Bc4 Ne6 19.Qd6 Qf6 20.Bxe6 Qxe6 21.Ng5 Qe7 
22.f4 h6 23.Qxe7 Rxe7 24.Nf3 e4 25.Bd4 Nf6 26.Nh4 Kh7 27.Be5 Be6 28.Rd2 a5
29.b5 cxb5 30.Nxb5 Rc8 31.Nd6 Rxc5 32.Nhxf5 Bxf5 33.Nxf5 Rcxe5 34.fxe5 
Rxe5 35.Nxg7 Kxg7 36.a4 b5 37.axb5 Rxb5 38.Ra2 1-0

[Event "XXI Festival"]
[Site "Arco ITA"]
[Date "1999.10.24"]
[Round "2"]
[White "Ragonese, Lucio Rosario"]
[Black "Rotstein, Arkadij"]
[Result "0-1"]
[WhiteElo "2010"]
[BlackElo "2460"]
[PlyCount "58"]
[EventDate "1999.10.23"]

1.d4 Nf6 2.Nf3 e6 3.Bg5 c5 4.e3 Be7 5.Bd3 b6 6.c3 Bb7 7.Nbd2 h6 8.Bxf6 
Bxf6 9.Ne4 Be7 10.O-O O-O 11.Bc2 d6 12.Qd3 g6 13.Ng3 Nd7 14.Rad1 Qc7 15.e4
cxd4 16.Qxd4 Ne5 17.Nxe5 dxe5 18.Qd7 Rac8 19.Rd2 Bg5 20.Rd6 Qb8 21.Rdd1 
Ba6 22.Rfe1 Rfd8 23.Qa4 Qb7 24.f3 Bd2 25.Nf1 Bxe1 26.Rxe1 Bxf1 27.Kxf1 Rd2
28.Re2 Rcd8 29.Qb5 Qc7 0-1

[Event "XXI Festival"]
[Site "Arco ITA"]
[Date "1999.10.24"]
[Round "2"]
[White "Rossi, Carlo"]
[Black "Romanishin, Oleg M."]
[Result "1/2-1/2"]
[WhiteElo "2361"]
[BlackElo "2567"]
[PlyCount "58"]
[EventDate "1999.10.23"]

1.b3 e5 2.Bb2 Nc6 3.c4 g6 4.e3 Bg7 5.a3 Nf6 6.Qc2 O-O 7.Nf3 Re8 8.d3 a5 9.
Nbd2 d6 10.Be2 Bf5 11.Ne4 Nxe4 12.dxe4 Be6 13.h4 h6 14.h5 g5 15.Nh2 Qd7 
16.g4 Nb8 17.Bc3 Qc6 18.a4 Qc5 19.Nf1 Nd7 20.Ng3 Nf6 21.Nf5 Bxf5 22.gxf5 
c6 23.Rb1 d5 24.b4 axb4 25.Bxb4 Qa7 26.exd5 cxd5 27.cxd5 Rec8 28.Qd1 Qxa4 
29.Qxa4 Rxa4 1/2-1/2

[Event "XXI Festival"]
[Site "Arco ITA"]
[Date "1999.10.24"]
[Round "2"]
[White "Rossi, Giampiero"]
[Black "Ptaschinski, Dirk"]
[Result "1/2-1/2"]
[WhiteElo "2020"]
[BlackElo "2182"]
[PlyCount "54"]
[EventDate "1999.10.23"]

1.d4 c5 2.dxc5 e6 3.c4 Bxc5 4.Nf3 f5 5.Nc3 Nf6 6.e3 O-O 7.a3 a5 8.Be2 Nc6 
9.O-O Ne4 10.Qc2 Nxc3 11.Qxc3 Be7 12.Bd2 Bf6 13.Qc2 b6 14.Bc3 Bb7 15.Rfd1 
Qe7 16.Rac1 Bxc3 17.Qxc3 e5 18.c5 e4 19.Ne1 f4 20.cxb6 Rad8 21.exf4 Rxf4 
22.g3 Rf6 23.Ng2 d5 24.Nf4 Rfd6 25.Qb3 Ne5 26.Rc7 R8d7 27.Rxd7 Qxd7 
1/2-1/2